书目信息 |
| 题名: |
英汉社会科学、教育学词汇
|
|
| 作者: | 江绍伦 编译 | |
| 分册: | ||
| 出版信息: | 香港 商务印书馆香港分馆 1975.04 |
|
| 页数: | 238页 | |
| 开本: | 20cm | |
| 丛书名: | ||
| 单 册: | ||
| 中图分类: | C61 | |
| 科图分类: | ||
| 主题词: | 社会科学--名词术语 , 社会科学--词典 , 社会科学--百科全书 | |
| 电子资源: | ||
| ISBN: | 962-07-6005-0 | |
| 000 | 00653nam0 2200217 45 | |
| 001 | 0405051606 | |
| 005 | 20050613160643.5 | |
| 010 | @a962-07-6005-0@b精装@dCNY11.50 | |
| 100 | @a20040505d1975 km y0chiy0120 ea | |
| 101 | 0 | @achi |
| 105 | @a z 000yy | |
| 200 | 1 | @a英汉社会科学、教育学词汇@AYing Han She Hui Ke Xue、Jiao Yu Xue Ci Hui@f江绍伦编译@FJiang Shao Lun Bian Yi |
| 210 | @a香港@c商务印书馆香港分馆@d1975.04 | |
| 215 | @a238页@d20cm | |
| 606 | 0 | @a社会科学@x名词术语 |
| 606 | 0 | @a社会科学@x词典 |
| 606 | 0 | @a社会科学@x百科全书 |
| 690 | @aC61@v3 | |
| 701 | 0 | @a江绍伦@4编译 |
| 801 | @aCN@bPftUser@c20040505 | |
| 905 | @dC61@e19@f1@b213264 | |
| 英汉社会科学、教育学词汇/江绍伦编译.-香港:商务印书馆香港分馆,1975.04 |
| 238页;20cm |
| ISBN 962-07-6005-0(精装):CNY11.50 |
| ● |
| 相关链接 |
|
|
|
|
正题名:英汉社会科学、教育学词汇
索取号:C61/19
 
预约/预借
| 序号 | 登录号 | 条形码 | 馆藏地/架位号 | 状态 | 备注 |
| 1 | 0213263 | 001573185 | 工具书阅览室/ [索取号:C61/19] | 在馆 | |
| 2 | 0213264 | 202109994 | 第一样本阅览室/ [索取号:C61/19] | 在馆 |